| 000 | 00489nam a2200181Ia 4500 | ||
|---|---|---|---|
| 001 | 20123 | ||
| 005 | 20260306172743.0 | ||
| 008 | 260306t2004||||xx |||||||||||||| ||spa|| | ||
| 041 | _aESP | ||
| 082 |
_a342.511 _bV18 |
||
| 100 |
_aValdez Arroyo, Flor de María _eAUT |
||
| 245 | 0 | _aAmpliación del concepto de refugiado en el derecho internacional contemporáneo | |
| 260 | _c2004 | ||
| 300 |
_a000 páginas : _c00 cm. |
||
| 650 | _aGEN | ||
| 654 | _aCDE | ||
| 942 |
_cLIB _dJUS _fJUS _2ddc _n |
||
| 999 |
_c20123 _d20123 |
||